000 00826cab a2200241 4500
001 WB3013-17
008 090401t1994 xxu||||| |||| 00| 0 eng d
035 _a(Sirsi) u16842
041 _aeng
245 _aRent-free periods at review
260 _c1994
350 _a0
490 _aEstates Gazette
_v(9421) 26 March 1994, 188(1)
520 _aTwo cases, "Co-operative Wholesale Society Ltd v National Westminster Bank plc" and "Scottish Amicable Life Assurance Society v Middleton", have helped refine the wording of rent-free agreements for fitting-out to avoid dispute at rent review.
650 _aCONCESSIONARY RENTS
650 _aHEADLINE RENTS
650 _aINDUCEMENT
650 _aPREMIUM RENTS
650 _aRENTS
690 _aLANDLORD AND TENANT-RENT REVIEWS
942 _n0
948 _c04/03/1997
999 _c11145
_d11145